[Event "49th CHN-ch 2018"]
[Site "Xinghua"]
[Date "2018.04.26"]
[Round "8"]
[White "Xu, Yi"]
[Black "Wen, Yang"]
[Result "1/2-1/2"]
[WhiteElo "2522"]
[BlackElo "2585"]
[Annotator "TA"]
[PlyCount "39"]
[EventDate "2018.??.??"]
[EventCountry "CHN"]
[SourceTitle "playchess.com"]
[Source "ChessBase"]
[SourceQuality "1"]

{[%evp 14,39,56,41,52,50,63,58,61,52,60,55,54,59,65,58,62,61,70,43,63,0,69,0,56,0,67,0]} 1. e4 g6 2. d4 c6 3. Nc3 Bg7 4. f4 d5 5. e5 Nh6 6. Nf3 O-O 7. Bd3 {B15: Caro-Kann: 3 Nc3: 3...g6 and 3...dxe4 4 Nxe4 Nf6 5 Nxf6+ exf6} f6 8. h3 {LiveBook: 7 Games} b6 $146 ({Predecessor:} 8... Nf5 9. Bxf5 Bxf5 10. Qe2 Na6 11. g4 Bc8 12. Be3 b5 13. Qg2 Qb6 14. O-O-O b4 15. Na4 {1-0 (41) Kravtsiv,M (2623)-Iordachescu,V (2600) Al Ain 2015}) 9. Ne2 Ba6 10. Be3 e6 11. O-O Qe7 12. c3 Bxd3 13. Qxd3 Nd7 14. g4 Nf7 15. Ng3 c5 16. Qa6 Nb8 17. Qd3 Nd7 $1 18. Qa6 Nb8 19. Qd3 Nd7 $1 20. Qa6 {Precision: White = 53%, Black = 62%.} (20. Rae1 $14) 1/2-1/2

[Event "49th CHN-ch 2018"]
[Site "Xinghua"]
[Date "2018.04.26"]
[Round "8"]
[White "Xu, Jun"]
[Black "Xu, Xiangyu"]
[Result "1/2-1/2"]
[WhiteElo "2501"]
[BlackElo "2574"]
[Annotator "TA"]
[PlyCount "92"]
[EventDate "2018.??.??"]
[EventCountry "CHN"]
[SourceTitle "playchess.com"]
[Source "ChessBase"]
[SourceQuality "1"]

{[%evp 18,92,27,11,8,6,12,14,61,58,78,34,33,33,32,26,108,90,89,8,8,9,33,0,0,-23,-25,-37,-25,-35,-14,-191,-100,-98,-102,-97,-96,-93,-27,-20,-19,-21,-43,-52,-52,-53,-55,-53,-53,-60,-39,-36,-43,-42,-43,-45,0,0,0,0,0,-36,12,12,9,0,0,0,3,0,846,0,0,0,0,0,0]} 1. d4 f5 2. g3 Nf6 3. Bg2 g6 4. Nf3 Bg7 5. O-O O-O 6. b3 b6 7. Bb2 Bb7 8. c4 e6 9. Nc3 Ne4 10. Rc1 {LiveBook: 4 Games. A81: Dutch Defence: 2 g3} Qe7 $146 ({Predecessor:} 10... d6 11. Nxe4 Bxe4 12. Ne1 Bxg2 13. Nxg2 Nd7 14. Qd3 Qe7 15. e4 Nc5 16. dxc5 Bxb2 17. cxd6 Qxd6 18. Qxd6 cxd6 {½-½ (30) Sundararajan,K (2422)-Piorun,K (2651) Karlsruhe 2017}) 11. d5 Na6 12. Nd2 {[%cal Bf3d2,Bd2c4,Bc4e3][%mdl 32]} Nd6 13. Ba3 e5 14. b4 {Threatens to win with c5.} e4 15. c5 Nf7 {[%cal Rb6c5]} 16. Nc4 bxc5 (16... Rfd8 $11) 17. bxc5 $16 Nxc5 18. d6 ({White should play} 18. Na5 $16 Rab8 19. Nxe4 fxe4 20. Bxc5) 18... cxd6 $11 19. Nb5 $1 {[%cal Rc4d6]} d5 20. Ne3 (20. Ncd6 $5 Nxd6 21. Bxc5 $11) 20... d6 21. Nxd5 Qe5 22. Ne3 Rfd8 23. Nc4 Qd5 {[#]} 24. Qe1 $2 {[#]} (24. Nbxd6 $1 $11 {[%mdl 512] and White has nothing to worry.} Nxd6 (24... Rxd6 25. Nxd6) 25. Nxd6 Qxd6 26. Qxd6 Rxd6 27. Bxc5) 24... Nd3 ({Better is} 24... Ne6 $1 $19 25. Nc7 Nxc7) 25. exd3 $17 Qxb5 26. Rb1 Qa6 27. Bb2 Bd5 (27... Bxb2 $17 28. Rxb2 d5) 28. Bxg7 $11 {And now Bf6 would win.} Bxc4 29. dxc4 Kxg7 30. Qc3+ Ne5 31. f4 exf3 $1 ({Much weaker is} 31... Qxc4 $6 32. Qa1 $11) 32. Bxf3 Rab8 33. Bd5 Qc8 34. Rb3 Qc5+ 35. Kg2 Rdc8 {Strongly threatening ...Rxb3.} 36. Rfb1 Rxb3 37. Rxb3 Rc7 38. Qb2 g5 39. Rb8 Kh6 40. Rf8 f4 $132 {[%mdl 2048] Black is not keeping still} 41. Qb8 Ng6 42. Rf6 Kg7 43. Qd8 Qe3 $2 {[%mdl 8192]} (43... g4 $11 44. gxf4 (44. Rxd6 f3+ 45. Kf1 Ne7 $11) 44... Qb6) 44. Rxg6+ $2 (44. Qxc7+ $18 Kh6 45. Bf3 Qd2+ 46. Kh3 g4+ 47. Bxg4) 44... Kxg6 {The position is equal.} 45. Qxd6+ Kf5 {...Qe2+ is the strong threat.} 46. Qxc7 Qe2+ {Precision: White = 52%, Black = 48%.} 1/2-1/2

[Event "49th CHN-ch 2018"]
[Site "Xinghua"]
[Date "2018.04.27"]
[Round "9"]
[White "Wen, Yang"]
[Black "Bai, Jinshi"]
[Result "1/2-1/2"]
[WhiteElo "2585"]
[BlackElo "2586"]
[Annotator "TA"]
[PlyCount "66"]
[EventDate "2018.??.??"]
[EventCountry "CHN"]
[SourceTitle "playchess.com"]
[Source "ChessBase"]
[SourceQuality "1"]

{[%evp 16,66,35,30,32,31,28,33,25,27,37,33,44,37,26,16,26,17,20,19,0,0,0,0,0,0,0,0,0,0,0,0,0,0,0,0,0,0,0,0,0,0,0,-10,-3,-22,-8,-8,0,-6,0,0,0]} 1. e4 c6 2. Nc3 d5 3. Nf3 dxe4 4. Nxe4 Nf6 5. Qe2 Nxe4 6. Qxe4 Qd5 {B11: Caro-Kann: Two Knights Variation} 7. Qh4 Qe6+ 8. Be2 Qg4 9. Qg3 {LiveBook: 16 Games} g6 10. Ng5 Qxg3 11. hxg3 Bg7 $146 ({Predecessor:} 11... f6 12. Ne4 Bf5 13. d3 Nd7 14. Be3 {1-0 (32) Martirosyan,H (2586)-Melkumyan,H (2664) Batumi 2018}) 12. Bc4 e6 13. c3 c5 14. Ne4 Nd7 15. Bb5 b6 16. Nd6+ Ke7 {The position is equal.} 17. Nxc8+ Raxc8 18. d3 h5 19. a4 a5 20. Ke2 Nf6 21. Ba6 Ra8 22. Bb7 Rab8 23. Bf3 Bh6 24. Bxh6 Rxh6 25. g4 {[#] Black must now prevent g5.} g5 {[%cal Bg6g5,Bg5g4][%mdl 32]} 26. g3 Rbh8 27. gxh5 g4 28. Bg2 Rxh5 29. Rhd1 Rd8 30. Rab1 Rd6 31. d4 cxd4 32. Rxd4 Rxd4 33. cxd4 b5 {Precision: White = 68%, Black = 73%.} 1/2-1/2

[Event "49th CHN-ch 2018"]
[Site "Xinghua"]
[Date "2018.04.27"]
[Round "9"]
[White "Xu, Xiangyu"]
[Black "Zhou, Jianchao"]
[Result "1/2-1/2"]
[WhiteElo "2574"]
[BlackElo "2616"]
[Annotator "TA"]
[PlyCount "60"]
[EventDate "2018.??.??"]
[EventCountry "CHN"]
[SourceTitle "playchess.com"]
[Source "ChessBase"]
[SourceQuality "1"]

{[%evp 9,60,-15,-3,-17,-18,-37,-14,-16,-22,-25,-22,-37,-28,-37,-20,-30,10,-2,0,-8,-8,-6,-8,-5,-5,-26,-7,-21,0,-22,-12,-16,0,0,0,0,0,0,0,-2,-2,-32,0,-37,-21,-21,-16,-16,0,-70,-70,-70,-70]} 1. Nf3 Nf6 2. g3 c5 3. Bg2 Nc6 4. d4 cxd4 5. Nxd4 e5 6. Nxc6 {A04: Unusual lines after 1 Nf3 and King's Indian Attack} dxc6 7. Qxd8+ (7. Nd2 Be7 8. b3 Be6 9. Bb2 Nd7 10. O-O O-O 11. e3 Qc7 12. Qe2 a5 13. a4 {½-½ (54) Nakamura,H (2787)-Karjakin,S (2763) Moscow 2018}) 7... Kxd8 8. Nd2 {The position is equal.} Nd5 9. Nc4 f6 10. Bd2 Be6 11. e4 $146 ({Predecessor:} 11. O-O-O Kc7 12. a3 Bc5 13. e3 {0-1 (24) Mojzis,J (2236)-Studnicka,T (2306) Czechia 2006}) 11... Nb6 12. Ne3 Nc4 13. Nxc4 Bxc4 14. Bf1 Be6 15. Be3 Kc7 16. f3 Rd8 17. Bd3 b6 18. Kf2 Bc5 19. Rhd1 Bxe3+ 20. Kxe3 Rd4 21. Be2 Rxd1 22. Rxd1 Rd8 23. Rxd8 (23. Rh1 {is interesting.} a5 24. a3 b5 25. f4 a4 26. h4) 23... Kxd8 $11 {[%mdl 4096] Endgame KB-KB} 24. Kd2 g5 ({Of course not} 24... Bxa2 $6 25. b3 $16) 25. g4 c5 ({But not} 25... Bxa2 $6 26. b3 $16) 26. c4 a5 27. a4 Bd7 28. b3 h6 29. h3 (29. Ke1 $11) 29... Ke7 $15 30. Ke3 Be6 {Precision: White = 57%, Black = 46%.} 1/2-1/2

[Event "49th CHN-ch 2018"]
[Site "Xinghua"]
[Date "2018.04.27"]
[Round "9"]
[White "Fang, Yuxiang"]
[Black "Lu, Shanglei"]
[Result "1/2-1/2"]
[WhiteElo "2502"]
[BlackElo "2640"]
[Annotator "TA"]
[PlyCount "90"]
[EventDate "2018.??.??"]
[EventCountry "CHN"]
[SourceTitle "playchess.com"]
[Source "ChessBase"]
[SourceQuality "1"]

{[%evp 20,90,25,34,40,1,20,0,0,-2,-4,0,0,-6,0,-7,14,0,0,0,0,0,0,-2,0,-93,-89,-92,-93,-87,-87,-82,-87,-89,-98,-100,-100,-100,-100,-100,-100,-100,-100,-100,-100,-94,-45,-45,-45,-45,-45,-45,-45,-45,-45,-45,-45,-45,0,0,0,0,0,0,0,0,0,0,0,0,0,0,0]} 1. d4 Nf6 2. Nf3 e6 3. c4 d5 4. Nc3 dxc4 5. e3 a6 6. a4 c5 7. Bxc4 Nc6 8. O-O Be7 9. dxc5 Bxc5 10. Qxd8+ {D27: Queen's Gambit Accepted: Classical main line: 7 e4!? and 7 a4} Kxd8 11. e4 {LiveBook: 12 Games} h6 12. Bd2 $146 {White is slightly better.} ({Predecessor:} 12. h3 b6 13. Rd1+ Ke7 14. e5 Nd7 15. Bf4 g5 16. Bg3 Bb7 17. Ne4 Na5 {½-½ (76) Tregubov,P (2625)-Movsesian,S (2709) Rijeka 2010}) 12... b6 13. Rfd1 {Black must now prevent Bxh6+.} Ke7 14. e5 Nd7 15. Ne4 Bb7 16. Nxc5 bxc5 17. Bc3 $132 {[%mdl 2048] White puts up resistance} Nb6 18. b3 Nxc4 19. bxc4 Rhd8 20. Rdb1 Rab8 21. Rb2 {[#]} Nb4 $1 {[%mdl 512]} 22. Bxb4 (22. Nd2 $1 $11 {keeps the balance.}) 22... cxb4 $17 23. Rxb4 {Threatens to win with Rab1.} Bxf3 $1 24. Rxb8 Rxb8 25. gxf3 $11 {[%mdl 4096] Endgame [#] KR-KR} Rb4 $1 26. a5 g5 27. Rc1 {[#]} Ra4 $1 28. Rb1 Rxa5 29. Rb7+ Kf8 30. Ra7 Kg7 31. Kg2 Kg6 32. Kg3 h5 33. h4 $1 gxh4+ 34. Kxh4 Rxe5 35. Rxa6 Rc5 36. Ra4 e5 37. Rb4 f6 38. f4 e4 39. Rb5 {The position is equal.} Rxc4 40. Rxh5 Rc3 41. f5+ Kg7 42. Kg4 Rf3 43. Rh3 Rxf2 44. Re3 Kf7 45. Rxe4 Rf1 {Precision: White = 86%, Black = 76%.} 1/2-1/2

[Event "49th CHN-ch 2018"]
[Site "Xinghua"]
[Date "2018.04.27"]
[Round "9"]
[White "Wang, Chen"]
[Black "Xu, Jun"]
[Result "0-1"]
[WhiteElo "2495"]
[BlackElo "2501"]
[Annotator "TA"]
[PlyCount "51"]
[EventDate "2018.??.??"]
[EventCountry "CHN"]
[SourceTitle "playchess.com"]
[Source "ChessBase"]
[SourceQuality "1"]

{[%evp 18,51,-10,-27,-17,-13,-12,-10,0,-62,0,0,0,0,4,-6,0,-44,-33,-39,0,-140,-130,-133,-130,-179,-172,-172,-183,-233,-160,-474,-204,-552,-557,-508]} 1. e4 c5 2. f4 d6 3. Bb5+ Bd7 4. Bxd7+ Qxd7 5. Nf3 g6 6. O-O Bg7 7. d3 Nc6 8. Nc3 Nf6 9. Kh1 {B23: Closed Sicilian: Lines without g3} (9. Bd2 O-O 10. Qe1 b5 11. Ne2 a5 12. f5 Nb4 13. Qd1 c4 14. Nf4 cxd3 15. cxd3 gxf5 16. exf5 Qxf5 {0-1 (41) Kislinsky,A (2481)-Navara,D (2732) Ostrava 2017}) 9... O-O 10. Qe1 {LiveBook: 3 Games} Nd4 11. Nxd4 {The position is equal.} cxd4 12. Ne2 Rac8 13. f5 $146 ({Better is} 13. Nxd4 $11 e5 14. Ne2) ({Predecessor:} 13. Nxd4 e5 14. Ne2 Rxc2 15. Qd1 Rc6 16. Nc3 Re8 17. f5 d5 18. Bg5 d4 19. Bxf6 dxc3 20. Bxg7 cxb2 21. Rb1 Kxg7 22. Rxb2 {½-½ (22) Zinn,L-Filipowicz,A Aarhus 1971}) 13... Rxc2 (13... d5 $15 14. e5 Ng4) 14. Nxd4 $11 Rcc8 15. Qh4 Nh5 16. Be3 d5 17. e5 Bxe5 18. g4 Nf6 19. Nf3 (19. Qg5 $11) 19... Bxb2 $17 20. Rab1 Rc2 21. Nd4 Bxd4 $1 22. Bxd4 Qa4 23. Rf4 {White wants to play fxg6.} Qa3 24. fxg6 $2 {[#]} (24. Qh3 $17 {is tougher.}) 24... fxg6 (24... Rc1+ $142 25. Kg2 Rxb1 26. Rxf6 fxg6 27. Rxf8+ Kxf8 28. Qxh7 Qxa2+ 29. Kg3 Qa6 30. Qg7+ Ke8 31. Qg8+ Kd7 32. Qxd5+ Qd6+ 33. Qxd6+ Kxd6 34. Bxa7 b5) 25. Qe1 $2 (25. Qg3) 25... Qxa2 $19 26. Bg1 {Precision: White = 28%, Black = 51%.} 0-1

[Event "49th CHN-ch 2018"]
[Site "Xinghua"]
[Date "2018.04.27"]
[Round "9"]
[White "Liu, Yan"]
[Black "Xu, Yi"]
[Result "1/2-1/2"]
[WhiteElo "2481"]
[BlackElo "2522"]
[Annotator "TA"]
[PlyCount "59"]
[EventDate "2018.??.??"]
[EventCountry "CHN"]
[SourceTitle "playchess.com"]
[Source "ChessBase"]
[SourceQuality "1"]

{[%evp 16,59,10,-3,6,11,10,0,0,0,0,0,-4,-7,0,0,0,0,0,0,0,0,0,0,0,0,0,0,0,0,0,0,0,0,0,0,0,0,0,0,0,0,0,0,0,0]} 1. Nf3 Nf6 2. c4 e6 {[%cal Be7e6,Be6d5,Bd5d4][%mdl 32]} 3. b3 d5 4. Bb2 c5 5. e3 Nc6 6. cxd5 exd5 7. Bb5 Bd6 8. O-O O-O {A13: English Opening: 1...e6} (8... Bg4 9. h3 Bh5 10. Bxf6 Qxf6 11. Nc3 Qe6 12. Be2 O-O 13. Rc1 Rad8 14. Ng5 Qh6 15. Bxh5 Qxg5 16. f4 {1-0 (56) Svidler,P (2760)-Meier,G (2655) Germany 2017}) 9. Nc3 {LiveBook: 3 Games. The position is equal.} d4 10. Ne2 {[%cal Re3d4]} Bg4 11. Bxc6 bxc6 12. Ng3 h5 {[%cal Bh7h5,Bh5h4][%mdl 32] [#] ...h4! is the strong threat.} 13. h3 $146 ({Predecessor:} 13. exd4 h4 14. dxc5 Bc7 15. Bxf6 Qxf6 16. Ne4 Qf4 17. Nd6 h3 18. Re1 Bxd6 19. cxd6 hxg2 20. Kxg2 Rad8 21. Rc1 Rxd6 22. Rc4 Bxf3+ {0-1 (22) Wohl,A (2364)-Solomon,S (2404) Auckland 2013}) 13... h4 $1 {And now ...Bxf3 would win.} 14. Ne4 Bh5 15. Nxd6 Qxd6 16. Qc2 Bxf3 17. gxf3 Rfe8 18. Rac1 Re5 19. f4 Rd5 20. e4 {[%cal Be3e4,Be4d5][%mdl 32]} Qxf4 {[#] ( -> ...Rg5+)} 21. exd5 Ng4 $1 22. hxg4 Qxg4+ 23. Kh2 Qf4+ 24. Kh3 Qf3+ $1 25. Kh2 $1 Qf4+ 26. Kh3 Qf3+ $1 27. Kh2 $1 Qf4+ 28. Kh1 Qf3+ 29. Kh2 Qf4+ 30. Kh1 1/2-1/2

[Event "49th CHN-ch 2018"]
[Site "Xinghua"]
[Date "2018.04.27"]
[Round "9"]
[White "Liu, Guanchu"]
[Black "Zeng, Chongsheng"]
[Result "0-1"]
[WhiteElo "2459"]
[BlackElo "2542"]
[Annotator "TA"]
[PlyCount "98"]
[EventDate "2018.??.??"]
[EventCountry "CHN"]
[SourceTitle "playchess.com"]
[Source "ChessBase"]
[SourceQuality "1"]

{[%evp 9,98,36,60,50,48,52,44,53,56,31,42,42,45,40,65,81,76,56,96,70,115,127,126,62,81,19,14,21,9,-16,-16,-16,-15,-17,-15,-18,-17,-18,-18,-82,-78,-84,-70,-75,-71,-125,-121,-115,-106,-106,-110,-138,-105,-104,-105,-135,-134,-132,-112,-112,-112,-112,-112,-112,-112,-128,-112,-112,-112,-112,-112,-112,-112,-179,-158,-158,-158,-158,-158,-158,-158,-1175,-1029,-982,-918,-1305,-448,-1381,-1528,-1316,-1218]} 1. e4 d5 2. exd5 Nf6 3. Bb5+ Nbd7 4. Nc3 a6 5. Be2 Nb6 {[%cal Bd7b6,Bb6d5,Bd5b4,Bb4d3][%mdl 32]} 6. d4 {B01: Scandinavian Defence} g6 7. Nf3 Bg7 8. O-O {White is slightly better.} O-O 9. Bf4 $146 ({Predecessor:} 9. h3 Nbxd5 10. Nxd5 Nxd5 11. c4 Nf6 12. Be3 c6 13. Qb3 {0-1 (45) Szabo,M (2298)-Gara,A (2373) Zalakaros 2017}) 9... Nfxd5 10. Nxd5 Nxd5 11. Be5 Bh6 12. Re1 Bf5 13. Bd3 Qd7 14. c4 {[#] Strongly threatening Bxf5.} Nb4 15. Bxf5 Qxf5 16. Re2 ({Better is} 16. Bg3 $16) 16... b5 $14 17. Qb3 (17. b3 $16) 17... Qd3 $11 18. Qxd3 Nxd3 19. cxb5 axb5 20. Bxc7 Rfc8 21. Bg3 ({But not} 21. Rxe7 Bf8 $17) 21... Rxa2 22. Rd1 $1 {[%cal Rd1d3]} ({Reject} 22. Rxa2 Rc1+ 23. Ne1 Nxe1 $17) 22... Nxb2 23. Rb1 Kf8 24. h4 (24. d5 $1 $11 {remains equal.}) 24... Rc1+ $17 25. Rxc1 Bxc1 26. d5 Ra1 {Threatens to win with ...Nd3.} 27. Kh2 (27. d6 $142 exd6 28. Bxd6+ Kg7 29. Be5+ f6 30. Bd4 Bf4+ 31. Ne1) 27... Nd3 28. Rc2 Bf4 29. Bxf4 Nxf4 {[%mdl 4096] Endgame KRN-KRN} 30. Rb2 Ra5 31. Nd4 Nxd5 {And now ...b4 would win.} 32. Rxb5 Rxb5 33. Nxb5 {KN-KN} h5 34. g3 e5 35. Kg2 Ke7 36. Na3 Ke6 37. Nc4 Ne7 38. Kf3 Nf5 39. Ke2 Kd5 40. Nb6+ Ke4 41. Nc8 (41. Nd7 $17 {was worth a try.}) 41... f6 {[%cal Bf7f6,Bf6f5,Bf5f4,Bf4g3][%mdl 32]} 42. Nb6 Nd4+ 43. Kf1 f5 44. Nd7 f4 45. Nf6+ $2 (45. gxf4 $17 Kxf4 46. Nf8) 45... Kf3 $19 {Black is clearly winning.} 46. Nd7 {[#]} Nc6 $1 47. Nf8 Ne7 (47... fxg3 $142 48. Ne6 Kg4 49. fxg3 Kxg3) 48. Nd7 (48. gxf4 $142 exf4 49. Nd7) 48... fxg3 {( -> ...g2+)} 49. Nxe5+ Kf4 {Precision: White = 50%, Black = 76%.} 0-1

[Event "49th CHN-ch 2018"]
[Site "Xinghua"]
[Date "2018.04.28"]
[Round "10"]
[White "Lu, Shanglei"]
[Black "Liu, Guanchu"]
[Result "1-0"]
[WhiteElo "2640"]
[BlackElo "2459"]
[Annotator "TA"]
[PlyCount "47"]
[EventDate "2018.??.??"]
[EventCountry "CHN"]
[SourceTitle "playchess.com"]
[Source "ChessBase"]
[SourceQuality "1"]

{[%evp 9,47,0,23,14,17,13,13,23,29,12,22,19,29,28,19,0,19,28,24,18,24,0,0,0,24,11,28,19,40,0,0,0,39,34,110,115,123,131,106,111]} 1. e4 e5 2. Bc4 Nf6 3. d3 c6 4. Nf3 d5 5. Bb3 a5 6. a4 {C24: Bishop's Opening: 2...Nf6} (6. a3 a4 7. Ba2 Bd6 8. exd5 cxd5 9. Bg5 Be6 10. Nc3 Ra5 11. O-O Nc6 12. Re1 O-O 13. h3 h6 {1-0 (26) Lu,S (2619)-Liu,G (2366) China 2016}) 6... Bb4+ 7. c3 Bd6 8. exd5 {The position is equal.} cxd5 9. Bg5 Be6 10. Na3 Nbd7 11. Nb5 Bb8 12. O-O O-O 13. Re1 {[#]} h6 $146 ({Predecessor:} 13... Re8) 14. Bh4 Re8 15. d4 {[%cal Rd4e5,Bd3d4,Bd4d5,Bd5d6][%mdl 32]} e4 16. Nd2 {[%cal Bf3d2,Bd2c4,Bc4e3][%mdl 32]} Ra6 17. c4 dxc4 18. Bxc4 Bf4 {Strongly threatening ...Bxd2.} 19. Bxe6 (19. b3 {seems wilder.} Qb8 20. Nf1 Bg4 21. Qc2 Rc6 22. Nc3) 19... Raxe6 {[#]} 20. d5 $1 $36 {[%mdl 2560] White is more active.} R6e7 (20... Re5 $5 {[%cal Re5d5]} 21. Nc4 g5 22. Nxe5 Rxe5 $11) (20... Nxd5 21. Bxd8) 21. Nc4 {Black must now prevent d6.} g5 ({Black should play} 21... e3 $14 22. fxe3 Bxe3+ 23. Nxe3 Rxe3) 22. d6 $16 Re6 23. Bg3 Nb6 24. Ne3 {Precision: White = 88%, Black = 61%.} 1-0

[Event "49th CHN-ch 2018"]
[Site "Xinghua"]
[Date "2018.04.28"]
[Round "10"]
[White "Zhou, Jianchao"]
[Black "Zeng, Chongsheng"]
[Result "1/2-1/2"]
[WhiteElo "2616"]
[BlackElo "2542"]
[Annotator "TA"]
[PlyCount "219"]
[EventDate "2018.??.??"]
[EventCountry "CHN"]
[SourceTitle "playchess.com"]
[Source "ChessBase"]
[SourceQuality "1"]

{[%evp 15,219,36,47,11,9,18,10,16,16,24,20,7,39,-8,13,13,10,10,11,18,1,6,16,18,18,18,29,34,62,58,63,40,44,44,45,51,55,21,62,37,123,123,120,122,169,166,202,120,120,116,111,111,105,63,117,0,142,127,131,98,84,22,41,0,0,0,0,0,23,0,0,0,0,0,0,0,0,0,0,0,0,0,0,0,0,0,1,1,1,1,6,0,0,0,0,0,0,0,8,8,8,8,8,8,8,8,8,8,8,8,8,8,8,8,8,8,8,8,8,8,8,8,8,8,8,8,8,8,8,0,8,8,8,8,8,8,8,8,8,8,8,8,8,8,8,8,8,8,8,0,8,8,8,8,8,8,8,8,8,8,8,8,8,8,8,8,8,0,8,8,11,8,8,8,8,0,20,20,20,20,20,20,20,20,20,20,27,0,8,8,8,8,8,8,8,8,8,8,8,8,8,8,8,8,8,8]} 1. e4 d5 2. exd5 Nf6 3. Nf3 Qxd5 4. d4 Bg4 5. Be2 Nc6 6. h3 Bxf3 7. Bxf3 Qd7 {B01: Scandinavian Defence} (7... Qe6+ 8. Be3 Nd5 9. Qe2 Nxe3 10. fxe3 Qd7 11. Nd2 e6 12. O-O Be7 13. c3 O-O 14. b4 Rae8 15. Nc4 {½-½ (89) Grischuk,A (2750)-Vachier Lagrave,M (2795) chess.com INT 2017}) 8. c3 e5 {[%cal Re5d4] LiveBook: 15 Games} 9. Qb3 Na5 $146 ({Predecessor:} 9... e4 10. Be2 O-O-O 11. Nd2 h5 12. Nc4 Nd5 13. Bd2 f5 14. O-O-O Be7 15. Ne3 {0-1 (60) Felgaer,R (2420)-Gershon,A (2540) Linares 2001}) 10. Qc2 exd4 11. cxd4 Bb4+ 12. Nc3 O-O 13. O-O Qxd4 14. Ne2 Qc5 15. Qxc5 Bxc5 16. Bg5 Rfe8 17. Bxf6 gxf6 18. Rac1 Bd6 19. Ng3 Rad8 20. Rc2 Re6 21. Nf5 Bf4 22. g3 $36 {[%mdl 2048] White has the initiative.} Be5 $1 23. b4 Nc6 24. Bxc6 bxc6 25. Rfc1 Rd3 26. Rxc6 Ra3 27. R6c2 Rd3 (27... Rf3 $14 28. Nh6+ Kg7) 28. Kg2 h5 29. a4 a6 30. Rc4 $1 Kh7 {[#]} 31. R1c2 ({White should try} 31. Rh4 $1 $18 {[%cal Rh4h5]} Kg6 32. g4) 31... Kg6 $16 {[#]} 32. Nh4+ $1 Kh7 33. Rc5 Kh6 34. Ra5 Bc3 (34... Ra3 $14) 35. Rc5 Be5 $1 36. a5 Rb3 37. R2c4 Rb2 38. Rc6 (38. Rd5 $16) 38... Rxb4 39. Nf5+ Kg5 40. Ne3 Rxc4 41. Rxc4 $11 {[%mdl 4096] Endgame aiming for f4+. KRB-KRN} Kh6 42. Nd5 c6 43. Nb4 c5 44. Nd3 Rc6 45. Rxc5 Rxc5 46. Nxc5 {KB-KN} Bc3 47. Nxa6 Bxa5 48. Nc5 Kg6 49. Kf3 Kf5 50. Nd3 Bc7 51. Ne1 Bb6 52. Ng2 Ba7 53. h4 {Threatening Nf4.} Bb8 54. Ne3+ Kg6 55. Ke4 Ba7 56. f3 Bb8 57. Nf5 Ba7 58. Ne7+ Kg7 59. Kf5 Bf2 60. g4 Kf8 61. Nd5 hxg4 62. Kxg4 Kg7 63. Ne7 Be1 (63... Bc5 $5 {[%cal Rc5e7]} 64. Nf5+ Kg6 $14) 64. Nf5+ Kh7 65. h5 Bd2 66. Kg3 Kg8 67. Kf2 Bc1 68. Ke2 Kf8 69. Kd3 Bg5 70. Ke4 Bc1 71. Nd6 Kg7 72. Nf5+ Kf8 73. Ng3 Kg7 74. Kf5 Kh6 75. Kg4 Kg7 76. Ne4 Bb2 77. Nd6 Be5 78. Nf5+ Kh7 79. Kh3 Bf4 80. Kg2 Kg8 81. Kf1 Kf8 82. Ke2 Bc1 83. Kd1 Bf4 84. Kc2 Bg5 85. Kd3 Bc1 86. Kc4 Bd2 87. Kd5 Bc1 88. Kd6 Bf4+ 89. Kd7 Bc1 90. Kc6 Bd2 91. Kd5 Bc1 92. Ke4 Bd2 93. f4 Bc1 94. Nh6 Kg7 95. Ng4 Bd2 96. f5 Bg5 97. Kd5 Kf8 98. Kd6 Bf4+ 99. Kd7 Bg5 100. Kd8 Bf4 101. Nf2 Kg7 {The position is equal.} 102. Ke7 Kh6 103. Kxf6 Kxh5 104. Kxf7 Bg5 105. Ne4 Bh4 106. Nf6+ Kg5 107. Ke6 Kh6 108. Ne8 Kh7 109. f6 Bxf6 110. Nxf6+ {Precision: White = 68%, Black = 77%.} 1/2-1/2